Познати људи из старе Грчке - Statistics

General Stats
  • This quiz has been taken 63 times
  • The average score is 10 of 20
Answer Stats
Траг Одговор % Correct
Слепи песник који је наводно написао „Илијаду“ и „Одисеју“ Хомер
95%
„Велики“ освајач Персије Александар Велики
88%
Филозоф који је испио отров када је осуђен за кварење атинске омладине Сократ
81%
A2 + B2 = C2, тврдио је Питагора
81%
Филозоф који се сматра оцем логике, биологије, реторике и још много тога Аристотел
75%
Оснивач Академије у Атини Платон
72%
Сковао је заклетву за лекаре која се и данас користи Хипократ
68%
Његов отац, краљ Македоније Филип II
68%
Познат као отац историје (и као отац лажи) Херодот
65%
Проналазач који је узвикнуо „Еурека!“ док је седео у кади Архимед
61%
Драмски писац који је написао „Антигону“ и „Краља Едипа“ Софокле
56%
Краљ који је повео 300 Спартанаца у Термопилској бици Леонида
54%
Међу његове бројне басне спада и „Корњача и зец“ Езоп
44%
Атински законодавац који је донео сурове законе који су остали упамћени по његовом имену Дракон
35%
Упамћен као отац геометрије Еуклид
26%
Мајка освајача, која је тврдила да је његов отац заправо Зевс Олимпијада
23%
Генерал који је био „први грађанин“ Атине током њеног златног доба Перикле
23%
Песникиња рођена на Лезбосу, по којој је термин „лезбејка“ добио своју савремену конотацију Сапфа
14%
Најутицајнији астроном у историји све до Коперника Птолемеј
7%
Филозоф који је командовао „десет хиљада“ грчких плаћеника Ксенофонт
4%
No matching quizzes found
Score Distribution
Percent of People with Each Score
Percentile by Number Answered
Your Score History
You have not taken this quiz